Statistics for Type Counties of the UK and Ireland

Click here to take the quiz!

General Stats

  • This quiz has been taken 54 times
  • The average score is 71 of 134

Answers on the Map

Answers color-coded by a green-red scale on the quiz's map according to % correct below.
 

Answer Stats

CountryCounty% Correct
EnglandGreater London
95%
EnglandCity of London
90%
EnglandGreater Manchester
85%
IrelandDublin
80%
EnglandOxfordshire
78%
EnglandCornwall
76%
EnglandEssex
76%
EnglandNorth Yorkshire
76%
EnglandCambridgeshire
73%
Northern IrelandDerry / Londonderry
73%
ScotlandEdinburgh
73%
ScotlandGlasgow
73%
IrelandCork
71%
EnglandEast Sussex
71%
EnglandKent
71%
EnglandWest Sussex
71%
ScotlandAberdeen City
68%
ScotlandAberdeenshire
68%
WalesCardiff
68%
EnglandLincolnshire
68%
EnglandWorcestershire
68%
EnglandCheshire
66%
EnglandDerbyshire
66%
EnglandDevon
66%
EnglandGloucestershire
66%
EnglandHampshire
66%
EnglandLancashire
66%
EnglandLeicestershire
66%
EnglandSurrey
66%
IrelandWaterford
66%
EnglandBuckinghamshire
63%
EnglandCumbria
63%
EnglandDorset
63%
EnglandEast Riding of Yorkshire
63%
IrelandGalway
63%
EnglandNorthumberland
63%
EnglandNottinghamshire
63%
EnglandSomerset
63%
EnglandSouth Yorkshire
63%
EnglandSuffolk
63%
EnglandWest Midlands
63%
EnglandWest Yorkshire
63%
EnglandWiltshire
63%
Northern IrelandArmagh
61%
EnglandCity of Bristol
61%
EnglandDurham
61%
IrelandLimerick
61%
EnglandMerseyside
61%
EnglandNorfolk
61%
EnglandNorthamptonshire
61%
EnglandBerkshire
59%
IrelandClare
59%
EnglandHertfordshire
59%
ScotlandHighland
59%
IrelandMayo
59%
EnglandRutland
59%
ScotlandShetland Islands
59%
Northern IrelandAntrim
56%
EnglandBedfordshire
56%
IrelandDonegal
56%
EnglandHerefordshire
56%
EnglandIsle of Wight
56%
ScotlandPerth and Kinross
56%
IrelandSligo
56%
EnglandStaffordshire
56%
EnglandTyne and Wear
56%
IrelandKerry
54%
IrelandLouth
54%
EnglandShropshire
54%
WalesSwansea
54%
EnglandWarwickshire
54%
Northern IrelandDown
51%
ScotlandOrkney Islands
51%
IrelandWexford
51%
ScotlandDumfries and Galloway
49%
ScotlandDundee City
49%
WalesIsle of Anglesey
49%
ScotlandNa h-Eileanan Siar
49%
WalesNewport
49%
ScotlandScottish Borders
49%
ScotlandStirling
49%
IrelandTipperary
49%
Northern IrelandTyrone
49%
WalesWrexham
49%
IrelandKilkenny
46%
WalesVale of Glamorgan
46%
ScotlandAngus
44%
ScotlandArgyll and Bute
44%
Northern IrelandFermanagh
44%
ScotlandFife
44%
IrelandKildare
44%
IrelandMeath
44%
ScotlandMidlothian
44%
IrelandMonaghan
44%
ScotlandNorth Ayrshire
44%
IrelandOffaly
44%
ScotlandSouth Ayrshire
44%
ScotlandWest Lothian
44%
IrelandWicklow
44%
IrelandCavan
41%
ScotlandEast Lothian
41%
IrelandLongford
41%
WalesPembrokeshire
41%
WalesPowys
41%
IrelandWestmeath
41%
IrelandCarlow
39%
WalesCeredigion
39%
ScotlandEast Ayrshire
39%
IrelandLaois
39%
ScotlandEast Dunbartonshire
37%
IrelandLeitrim
37%
ScotlandRenfrewshire
37%
ScotlandWest Dunbartonshire
37%
WalesBlaenau Gwent
34%
ScotlandEast Renfrewshire
34%
ScotlandFalkirk
34%
WalesMonmouthshire
34%
ScotlandMoray
34%
ScotlandNorth Lanarkshire
34%
IrelandRoscommon
34%
ScotlandSouth Lanarkshire
34%
WalesCarmarthenshire
32%
ScotlandClackmannanshire
32%
WalesConwy
32%
WalesDenbighshire
32%
WalesFlintshire
32%
WalesGwynedd
32%
WalesNeath Port Talbot
32%
WalesCaerphilly
29%
WalesMerthyr Tydfil
29%
WalesBridgend
27%
ScotlandInverclyde
27%
WalesTorfaen
27%
WalesRhondda Cynon Taf
24%

Score Distribution

Percentile by Number Answered

Percent of People with Each Score

Your Score History

You have not taken this quiz